JR路線の起終点駅(JR東海版) - Statistics

General Stats
  • This quiz has been taken 368 times
  • The average score is 23 of 26
Answer Stats
Hint Answer % Correct
東海道新幹線 東京
100%
東海道本線 東京
100%
名古屋
99%
関西本線 名古屋
99%
新大阪
98%
神戸
96%
飯田線 豊橋
93%
沼津
92%
甲府
91%
高山本線 岐阜
91%
武豊
90%
御殿場線 国府津
89%
身延線 富士
89%
富山
89%
名松線 松阪
86%
紀勢本線 亀山
85%
太多線 多治見
84%
美濃太田
84%
辰野
82%
武豊線 大府
80%
鳥羽
78%
JR難波
76%
中央本線 神田
74%
和歌山市
74%
伊勢奥津
69%
参宮線 多気
64%
No matching quizzes found
Score Distribution
Percent of People with Each Score
Percentile by Number Answered
Your Score History
You have not taken this quiz